joueur de football (Barcelona) - Statistiques

Statistiques générales
  • Ce quiz a été pris 573 fois
  • Le résultat moyen est 15 sur 23
Statistiques - réponses
poste # joueur % Correct
gardien 1 ter stegen
96%
Milieu 8 Pedri
90%
Milieu 30 Gavi
88%
défenseur 4 Ronald Araujo
83%
défenseur 23 Jules Kounde
80%
attaquant 9 Robert Lewandowski
80%
Milieu 21 Frenkie de Jong
77%
entraîneur X Xavi
76%
attaquant 7 Ousmane Dembélé
74%
attaquant 10 Ansu Fati
69%
Milieu 5 Sergio Busquets
69%
défenseur 18 Jordi Alba
66%
attaquant 11 Ferran Torres
63%
défenseur 15 Andreas Christensen
61%
défenseur 3 Gerard Piqué
61%
attaquant 22 Raphinha
53%
gardien 26 Inaki Pena
51%
Milieu 20 Sergi Roberto
47%
Milieu 19 Franck Kessie
46%
défenseur 24 Eric Garcìa
37%
défenseur 17 Marcos Alonso
35%
attaquant 14 Memphis Depay
35%
défenseur 2 Héctor Bellerìn
19%
Aucun quiz correspondant
Distribution des résultats
% des personnes avec chaque résultat
Percentile par nombre de réponses
Votre historique - résultats
Vous n’avez pas pris ce quiz